Ten Best Geometry Dash Players - Statistics

General Stats
  • This quiz has been taken 125 times
  • The average score is 5 of 10
Answer Stats
Points Player % Correct
8079.40 Zoink
99%
8263.88 Trick
87%
5069.34 wPopoff
75%
3854.67 Doggie
71%
3558.11 Taiago
45%
4692.04 Thnnder
37%
3377.70 SnowBallerr
16%
3631.81 ViperVenom
13%
3165.22 Laniakea
11%
3139.36 Skzyl
8%
No matching quizzes found
Score Distribution
Percent of People with Each Score
Percentile by Number Answered
Your Score History
You have not taken this quiz